000
00326nam a2200133Ia 4500
003
GCL
008
140319s9999 xx 000 0 ara d
040
_a
GCL /
_c
GCL
082
0
4
_a
301.32
_b
ا ب
245
1
0
_a
البداوة المنقذة
260
_a
[S.N] :
_b
دار الاصالة ،
_c
1978
300
_a
151 ص
490
_a
999
_c
53404
_d
53404